000 00647nam a22002057a 4500
999 _c5737
_d5737
003 GBCCL
005 20241126110549.0
008 180405b ||||| |||| 00| 0 eng d
040 _cgbc
082 _a267.61
_bUES
110 _aUnion of Evangelical Students of India
_910361
245 _aWitnesses for me:
_bA manual for Evangelical Unions
250 _a3rd Ed.
260 _aMadras:
_bUnion of Evangelical Students of India,
_c1990
300 _a108 p.;
_bill.,
_c21 cm.
650 _aUnion of Evangelical Students
_zIndia
_910362
650 _aEvangelicalism
_zIndia
_91956
650 _aStudents
_vReligious life
_zIndia
_910363
942 _2ddc
_cBK